000 00456nam a22001697a 4500
003 OSt
005 20260530115317.0
008 260507b1975 mx ||||| |||| 00| 0 spa d
040 _aICI
_bspa
_cICI
050 _aQ175
_bY86
100 _aYuren Camarena, Maria Teresa,
_eautor
_933831
245 1 0 _aLeyes, teorias y modelos.
260 _aMéxico :
_bANUIES,
_c1975
300 _a102 páginas
650 4 _aCiencia
_xMetodología
_933832
942 _2lcc
_cBK
_n0
999 _c13623
_d13623